<?xml version="1.0" encoding="UTF-8"?>
<record
    xmlns:xsi="http://www.w3.org/2001/XMLSchema-instance"
    xsi:schemaLocation="http://www.loc.gov/MARC21/slim http://www.loc.gov/standards/marcxml/schema/MARC21slim.xsd"
    xmlns="http://www.loc.gov/MARC21/slim">

  <leader>03132cam a22003618i 4500</leader>
  <controlfield tag="001">21543392</controlfield>
  <controlfield tag="005">20230314123908.0</controlfield>
  <controlfield tag="008">200516s2020    nju           001 0 eng  </controlfield>
  <datafield tag="010" ind1=" " ind2=" ">
    <subfield code="a">  2020022305</subfield>
  </datafield>
  <datafield tag="020" ind1=" " ind2=" ">
    <subfield code="a">9781119584537</subfield>
  </datafield>
  <datafield tag="020" ind1=" " ind2=" ">
    <subfield code="z">9781119584513</subfield>
  </datafield>
  <datafield tag="020" ind1=" " ind2=" ">
    <subfield code="z">9781119584551</subfield>
  </datafield>
  <datafield tag="040" ind1=" " ind2=" ">
    <subfield code="a">LBSOR/DLC</subfield>
    <subfield code="b">eng</subfield>
    <subfield code="e">rda</subfield>
    <subfield code="c">DLC</subfield>
  </datafield>
  <datafield tag="042" ind1=" " ind2=" ">
    <subfield code="a">pcc</subfield>
  </datafield>
  <datafield tag="050" ind1="0" ind2="0">
    <subfield code="a">TK4058 </subfield>
    <subfield code="b">.M5779 2020</subfield>
  </datafield>
  <datafield tag="082" ind1="0" ind2="0">
    <subfield code="a">621.46</subfield>
    <subfield code="2">23</subfield>
  </datafield>
  <datafield tag="100" ind1="1" ind2=" ">
    <subfield code="a">Mohan, Ned,</subfield>
    <subfield code="e">author.</subfield>
  </datafield>
  <datafield tag="245" ind1="1" ind2="0">
    <subfield code="a">Analysis and control of electric drives :</subfield>
    <subfield code="b">simulations and laboratory implementation /</subfield>
    <subfield code="c">Ned Mohan, Siddharth Raju.</subfield>
  </datafield>
  <datafield tag="260" ind1=" " ind2=" ">
    <subfield code="a">Hoboken, NJ. :</subfield>
    <subfield code="b">John Wiley &amp; Sons, Inc., </subfield>
    <subfield code="c"> 2021</subfield>
  </datafield>
  <datafield tag="263" ind1=" " ind2=" ">
    <subfield code="a">2008</subfield>
  </datafield>
  <datafield tag="300" ind1=" " ind2=" ">
    <subfield code="a">pages cm</subfield>
  </datafield>
  <datafield tag="500" ind1=" " ind2=" ">
    <subfield code="a">Includes index.</subfield>
  </datafield>
  <datafield tag="505" ind1="0" ind2=" ">
    <subfield code="a">Electric drives : introduction and motivation -- Understanding mechanical system requirements for electric drives -- Basic concepts in magnetics and electromechanical energy conversion -- Basic understanding of switch-mode power electronic converters -- Control in electric drives -- Using space vectors to analyze AC machines -- Space vector pulse-width-modulated (SV-PWM) inverters -- Sinusoidal permanent magnet AC (PMAC) drives in steady state -- Induction motors in sinusoidal steady state electric drives : introduction and motivation -- Induction-motor drives : speed control -- Induction machine equations in phase quantities : assisted by space vectors -- Dynamic analysis of induction machines in terms of dq-windings -- Mathematical description of vector control in induction machines -- Speed-sensorless vector control of induction motor -- Analysis of doubly-fed generators (DFIG) in steady-state and their vector control -- Direct torque control (DTC) and encoder-less operation of induction motor drives -- Vector control of permanent magnet synchronous motor drives -- Reluctance drives : stepper-motors and switched-reluctance drives.</subfield>
  </datafield>
  <datafield tag="520" ind1=" " ind2=" ">
    <subfield code="a">"Electric machines, particularly AC machines, consume over 40% of globally generated electric power. With rapid electrification of the transportation sector, to reduce emission of greenhouse gases, these machines are set to consume most of the power that is generated. Advancement in the field of power electronics has increased efficiency in controlling these machines via power-electronic converters, with improved performance and wide operating region compared to those connected directly to the grid. These advantages come with increased necessity for greater physical and mathematical understanding of these machines' operation to be able to produce optimal performance and efficiency"--</subfield>
  </datafield>
  <datafield tag="650" ind1=" " ind2="0">
    <subfield code="a">Electric driving</subfield>
    <subfield code="x">Mathematical models</subfield>
    <subfield code="v">Textbooks.</subfield>
  </datafield>
  <datafield tag="650" ind1=" " ind2="0">
    <subfield code="a">AC-to-AC converters</subfield>
    <subfield code="v">Textbooks.</subfield>
  </datafield>
  <datafield tag="650" ind1=" " ind2="0">
    <subfield code="a">Field orientation principle (Electrical engineering)</subfield>
    <subfield code="v">Textbooks.</subfield>
  </datafield>
  <datafield tag="700" ind1="1" ind2=" ">
    <subfield code="a">Raju, Siddharth,</subfield>
    <subfield code="e">author.</subfield>
  </datafield>
  <datafield tag="776" ind1="0" ind2="8">
    <subfield code="i">Online version:</subfield>
    <subfield code="a">Mohan, Ned.</subfield>
    <subfield code="t">Analysis and control of electric drives</subfield>
    <subfield code="d">Hoboken, NJ : Wiley, 2020</subfield>
    <subfield code="z">9781119584513</subfield>
    <subfield code="w">(DLC)  2020022306</subfield>
  </datafield>
  <datafield tag="906" ind1=" " ind2=" ">
    <subfield code="a">7</subfield>
    <subfield code="b">cbc</subfield>
    <subfield code="c">orignew</subfield>
    <subfield code="d">1</subfield>
    <subfield code="e">ecip</subfield>
    <subfield code="f">20</subfield>
    <subfield code="g">y-gencatlg</subfield>
  </datafield>
  <datafield tag="942" ind1=" " ind2=" ">
    <subfield code="2">lcc</subfield>
    <subfield code="c">BOOKS</subfield>
    <subfield code="h">TK4058 .M5779 2020</subfield>
  </datafield>
  <datafield tag="999" ind1=" " ind2=" ">
    <subfield code="c">31545</subfield>
    <subfield code="d">31545</subfield>
  </datafield>
  <datafield tag="952" ind1=" " ind2=" ">
    <subfield code="0">0</subfield>
    <subfield code="1">0</subfield>
    <subfield code="2">lcc</subfield>
    <subfield code="4">0</subfield>
    <subfield code="7">0</subfield>
    <subfield code="a">MUC</subfield>
    <subfield code="b">MUC</subfield>
    <subfield code="c">GEN</subfield>
    <subfield code="d">2023-03-14</subfield>
    <subfield code="e">Purchase(Urban Book Centre)</subfield>
    <subfield code="g">13200.00</subfield>
    <subfield code="o">TK4058 .M5779 2020</subfield>
    <subfield code="p">39336</subfield>
    <subfield code="r">2023-03-14</subfield>
    <subfield code="w">2023-03-14</subfield>
    <subfield code="y">BOOKS</subfield>
  </datafield>
</record>
